000 01321nam a2200301 4500
003 EC-UNACH
005 20251031094244.0
006 s||||gr|||| 00| 00
008 150116t9999 mx r gr 000 0 spa d
020 _a9978-22-501-3
040 _aEC-UNACH
_cEC-UNACH
041 _aspa
082 0 4 _223
_a302.2
_bL017921
110 _aEditorial abyayala
245 _aLa seguridad de Ecuador del 11 de septiembre al plan patriota
250 _aPrimera Edición
264 _aEcuador
_bEditorial abyayala
_c2005
300 _a221
505 _a- Recomendaciones necesarias en la discusión sobre protección y seguridad internacional del ser humano - - Agenda de seguridad para sudamericana - - El Ecuador frente a la política de seguridad democrática y el conflicto interno en Colombia - - Consecuencias del conflicto colombiano para la agenda de seguridad del Ecuador - - Evaluación de la política de seguridad de la frontera norte de Ecuador - - El narcotráfico en la agenda de seguridad del Ecuador.
650 _aPlanteamientos centrales
650 _aContenido de la discusión
650 _aComisión sobre seguridad humana
700 _aJavier Ponce Leiva
942 _2ddc
_c1
999 _c14132